Nežiadúce vplyvy na meranie teplôt kontaktným spôsobom
Saved in:
| Main Author: | |
|---|---|
| Other Authors: | |
| Format: | Manuscript Book |
| Language: | Slovak |
| Published: |
2025
|
| Subjects: | |
| Online Access: | http://is.stuba.sk/zp/portal_zp.pl?podrobnosti=185408 |
| Tags: |
No Tags, Be the first to tag this record!
|
MARC
| LEADER | 00000ntm a22000003a 4500 | ||
|---|---|---|---|
| 001 | stuzp104854 | ||
| 003 | SK-STU | ||
| 005 | 20250621210400.0 | ||
| 007 | ta | ||
| 008 | 150427s2015----xo-----f-mn---000-0-slo-d | ||
| 040 | |a STU |b slo | ||
| 041 | 0 | |a slo | |
| 100 | 1 | |a Paluš, Dávid |u 020020 |4 aut |U SjF Strojnícka fakulta |T SjF Ústav automatizácie, informatizácie a merania |X 110708 |U J0020 |Y 802 |7 110708 | |
| 242 | 0 | 1 | |a Adverse effects on contact temperature measurement |y eng |
| 245 | 1 | 0 | |a Nežiadúce vplyvy na meranie teplôt kontaktným spôsobom |
| 260 | |c 2025 | ||
| 650 | 4 | |a Kontaktné meranie teploty |2 slo | |
| 650 | 4 | |a termočlánok |2 slo | |
| 650 | 4 | |a prestup tepla |2 slo | |
| 650 | 4 | |a nežiadúce vplyvy |2 slo | |
| 650 | 4 | |a Contact temperature measurement |2 eng | |
| 650 | 4 | |a thermocouple |2 eng | |
| 650 | 4 | |a heat transfer |2 eng | |
| 650 | 4 | |a adverse effects |2 eng | |
| 700 | 1 | |a Ďuriš, Stanislav |u 020020 |k Z1 |4 ths |U SjF Strojnícka fakulta |T SjF Ústav automatizácie, informatizácie a merania |X 36537 |U J0020 |Y 802 |7 A000036537 | |
| 856 | 4 | |u http://is.stuba.sk/zp/portal_zp.pl?podrobnosti=185408 | |